Исследование превращения пропана на GA-содержащем цеолитном катализаторе, подвергнутом термопаровой обработке; Творчество юных - шаг в успешное будущее

Bibliografiske detaljer
Parent link:Творчество юных - шаг в успешное будущее.— 2017.— [С. 343-345]
Hovedforfatter: Восмериков А. А.
Andre forfattere: Восмерикова Л. Н. (научный руководитель)
Summary:Заглавие с титульного экрана
Sprog:russisk
Udgivet: 2017
Serier:Переработка углеводородного сырья и получение нефтепродуктов для экстремальных условий Арктики
Fag:
Online adgang:http://earchive.tpu.ru/handle/11683/45613
Format: MixedMaterials Electronisk Book Chapter
KOHA link:https://koha.lib.tpu.ru/cgi-bin/koha/opac-detail.pl?biblionumber=625831

MARC

LEADER 00000naa2a2200000 4500
001 625831
005 20231101133400.0
035 |a (RuTPU)RU\TPU\conf\25091 
035 |a RU\TPU\conf\25090 
090 |a 625831 
100 |a 20171221d2017 k y0rusy50 ca 
101 0 |a rus 
102 |a RU 
105 |a y z 101zy 
135 |a drcn ---uucaa 
181 0 |a i  
182 0 |a b 
200 1 |a Исследование превращения пропана на GA-содержащем цеолитном катализаторе, подвергнутом термопаровой обработке  |f А. А. Восмериков, Л. Н. Восмерикова  |g науч. рук. Л. Н. Восмерикова 
203 |a Текст  |c электронный 
225 1 |a Переработка углеводородного сырья и получение нефтепродуктов для экстремальных условий Арктики 
230 |a 1 компьютерный файл (pdf; 659 Kb) 
300 |a Заглавие с титульного экрана 
463 1 |0 (RuTPU)RU\TPU\conf\23047  |t Творчество юных - шаг в успешное будущее  |o Арктика и её освоение  |o материалы X Всероссийской научной молодежной конференции с международным участием с элементами научной школы имени профессора М.К. Коровина, г. Томск, 29 мая-2 июня 2017 г.  |f Национальный исследовательский Томский политехнический университет (ТПУ), Институт природных ресурсов (ИПР) ; под ред. А. С. Боева  |v [С. 343-345]  |d 2017 
610 1 |a электронные ресурсы 
610 1 |a нефтехимические продукты 
610 1 |a нефтедобывающие предприятия 
610 1 |a нефтеперерабатывающие предприятия 
610 1 |a соединения 
610 1 |a селективность 
610 1 |a катализаторы 
700 1 |a Восмериков  |b А. А. 
701 1 |a Восмерикова  |b Л. Н. 
702 1 |a Восмерикова  |b Л. Н.  |4 727 
801 2 |a RU  |b 63413507  |c 20171226  |g RCR 
856 4 |u http://earchive.tpu.ru/handle/11683/45613 
942 |c BK